000 00480nam a2200181Ia 4500
008 230524s9999 xx 000 0 und d
020 _a8170085612
082 _bKUM
100 _aI. Ravi Kumar
_942718
245 0 _aPrinciples of Optical Communication and Opto - Electronics
250 _a1
260 _aNew Delhi
_bLaxmi Publi.
300 _a"XVIII,301p;"
500 _aQuantity Number: 1
650 _aElectronics
700 _a N.Bala Saraswathi
_942719
942 _cBK
999 _c57702
_d57702